[Event "IIX Sud. Sub 20-2013_Absoluto"]
[Site "Asuncion"]
[Date "2013.05.19"]
[Round "3.10"]
[White "De Picciotto, Lucas"]
[Black "Aguero Centurio, Abel Alejandr"]
[Result "0-1"]
[WhiteElo "1782"]
[BlackElo "1652"]
[PlyCount "78"]
[EventDate "2013.05.17"]
[EventType "swiss"]
[EventCountry "PAR"]
[SourceDate "2005.09.12"]

1. g3 Nf6 2. Bg2 d5 3. Nf3 Bf5 4. O-O c6 5. d4 e6 6. c4 h6 7. Nbd2 Be7 8. Ne5
Nbd7 9. Nxd7 Nxd7 10. c5 Bg5 11. f4 Bf6 12. Nf3 O-O 13. Ne5 b6 14. b4 a5 15.
Bd2 axb4 16. Bxb4 bxc5 17. Bxc5 Nxc5 18. dxc5 Bxe5 19. fxe5 Qg5 20. Kh1 Qe3 21.
Qb3 Qxe5 22. Qb7 Be4 23. Bf3 Bxf3+ 24. exf3 Qe2 25. Rae1 Qxa2 26. Qxc6 Qa6 27.
Qd7 Ra7 28. Qd6 Qxd6 29. cxd6 Rd8 30. Rb1 Rxd6 31. Rb8+ Kh7 32. Rc1 Rda6 33.
Rcc8 Ra1+ 34. Kg2 R7a2+ 35. Kh3 Rh1 36. Kg4 Re2 37. h4 Kg6 38. f4 Rf2 39. h5+
Rxh5 0-1

[Event "IIX Sud. Sub 20-2013_Absoluto"]
[Site "Asuncion"]
[Date "2013.05.19"]
[Round "4.1"]
[White "Caceres Recalde, Fernando"]
[Black "Iermito, Sebastian"]
[Result "1/2-1/2"]
[WhiteElo "2204"]
[BlackElo "2464"]
[PlyCount "76"]
[EventDate "2013.05.17"]
[EventType "swiss"]
[EventCountry "PAR"]
[SourceDate "2005.09.12"]

1. e4 c5 2. Nf3 e6 3. d4 cxd4 4. Nxd4 a6 5. Bd3 Nf6 6. Nc3 Qc7 7. O-O Be7 8.
Qe2 d6 9. Kh1 Nbd7 10. f4 O-O 11. Bd2 Nc5 12. b4 Nxd3 13. cxd3 b5 14. Rac1 Qd7
15. Rc2 Bb7 16. Rfc1 Rac8 17. a3 Rfe8 18. Nb3 g6 19. Be3 Nh5 20. e5 f5 21. d4
Bf8 22. exd6 Qxd6 23. Nc5 Bd5 24. Nxd5 exd5 25. Nd3 Rxc2 26. Rxc2 Re4 27. Nc5
Re7 28. Nd3 Rc7 29. Ne5 Ng7 30. Qd1 Ne6 31. Qc1 Bg7 32. Rxc7 Qxc7 33. Qd2 Bxe5
34. fxe5 Qc4 35. h4 Kf7 36. Kh2 Ke8 37. h5 Kf7 38. Qf2 Qd3 1/2-1/2

[Event "IIX Sud. Sub 20-2013_Absoluto"]
[Site "Asuncion"]
[Date "2013.05.19"]
[Round "4.2"]
[White "Cuellar, Diego"]
[Black "Torres, Juan Camilo"]
[Result "1/2-1/2"]
[WhiteElo "2323"]
[BlackElo "2344"]
[PlyCount "27"]
[EventDate "2013.05.17"]
[EventType "swiss"]
[EventCountry "PAR"]
[SourceDate "2005.09.12"]

1. d4 d5 2. Nf3 c6 3. c4 dxc4 4. e3 e6 5. Bxc4 Nf6 6. O-O b5 7. Bd3 a6 8. a4
Bb7 9. Qe2 Nbd7 10. Rd1 Be7 11. e4 Qc7 12. Bg5 e5 13. Nbd2 O-O 14. dxe5 1/2-1/2

[Event "IIX Sud. Sub 20-2013_Absoluto"]
[Site "Asuncion"]
[Date "2013.05.19"]
[Round "4.3"]
[White "Mendoza, Rodrigo"]
[Black "Vazquez, Guillermo"]
[Result "1/2-1/2"]
[WhiteElo "2148"]
[BlackElo "2353"]
[PlyCount "82"]
[EventDate "2013.05.17"]
[EventType "swiss"]
[EventCountry "PAR"]
[SourceDate "2005.09.12"]

1. d4 e6 2. c4 Nf6 3. Nf3 Bb4+ 4. Bd2 Qe7 5. Nc3 b6 6. a3 Bxc3 7. Bxc3 Bb7 8.
e3 O-O 9. Be2 Ne4 10. Qc2 d6 11. O-O Nd7 12. b4 c5 13. Bb2 Rac8 14. dxc5 bxc5
15. Rfd1 f5 16. Rac1 e5 17. Nd2 Nxd2 18. Qxd2 Rf6 19. Bf3 Bxf3 20. gxf3 Nb6 21.
Kf1 Qf7 22. Qe2 cxb4 23. c5 dxc5 24. axb4 c4 25. Bxe5 Rfc6 26. Rd6 Nd5 27. Rxc6
Rxc6 28. Qd2 h6 29. b5 Rc8 30. Ke2 Kh7 31. Qd4 Nb6 32. h4 h5 33. Qd6 Qd7 34.
Qxd7 Nxd7 35. Bd4 Rc7 36. Ra1 Nb6 37. Bxb6 axb6 38. Ra6 c3 39. Kd1 Rc4 40. f4
Rb4 41. Rxb6 Rb2 1/2-1/2

[Event "IIX Sud. Sub 20-2013_Absoluto"]
[Site "Asuncion"]
[Date "2013.05.19"]
[Round "4.4"]
[White "Henriquez Villagra, Cristobal"]
[Black "Apuril, Jose"]
[Result "1-0"]
[WhiteElo "2352"]
[BlackElo "1961"]
[PlyCount "67"]
[EventDate "2013.05.17"]
[EventType "swiss"]
[EventCountry "PAR"]
[SourceDate "2005.09.12"]

1. e4 c5 2. Nf3 e6 3. d4 cxd4 4. Nxd4 a6 5. Bd3 Nf6 6. O-O Qc7 7. Qe2 d6 8. f4
Nc6 9. Nxc6 Qxc6 10. c4 Be7 11. Nc3 O-O 12. Kh1 Re8 13. e5 Nd7 14. Bd2 f5 15.
exf6 Nxf6 16. Ne4 Nxe4 17. Bxe4 d5 18. Bd3 Bf6 19. Rae1 Bd7 20. Qh5 g6 21. Qe2
Bxb2 22. h4 Qd6 23. h5 e5 24. cxd5 Qf6 25. Qf2 Bd4 26. Qg3 exf4 27. Rxe8+ Rxe8
28. Rxf4 Qe5 29. Qf3 Bc5 30. hxg6 hxg6 31. Bxg6 Qh8+ 32. Bh5 Bd6 33. Rg4+ Bxg4
34. Qf7# 1-0

[Event "IIX Sud. Sub 20-2013_Absoluto"]
[Site "Asuncion"]
[Date "2013.05.19"]
[Round "4.5"]
[White "Zavarce, Oscar Enrique"]
[Black "Gotz, Klaus"]
[Result "0-1"]
[WhiteElo "2200"]
[BlackElo "2095"]
[PlyCount "152"]
[EventDate "2013.05.17"]
[EventType "swiss"]
[EventCountry "PAR"]
[SourceDate "2005.09.12"]

1. e4 c5 2. c3 g6 3. d4 cxd4 4. cxd4 d5 5. exd5 Nf6 6. Bb5+ Nbd7 7. Nc3 Bg7 8.
d6 exd6 9. Qe2+ Qe7 10. Bf4 d5 11. Bd6 Qxe2+ 12. Bxe2 Bf8 13. Bxf8 Kxf8 14. a4
a5 15. Bf3 Nb6 16. Ra3 Kg7 17. Rb3 Ra6 18. Nge2 Bd7 19. O-O Rb8 20. Nf4 Bc6 21.
Be2 Nc4 22. Rd1 Raa8 23. Nb5 Rd8 24. Nd3 Re8 25. Bf1 Re7 26. Rc3 Rae8 27. b3
Ne4 28. Rcc1 Bxb5 29. axb5 Ncd6 30. Nf4 Nf6 31. Rc5 Nde4 32. Rc2 g5 33. Nd3 Nd6
34. Ne5 Nd7 35. Nxd7 Rxd7 36. Bd3 Rde7 37. Kf1 f5 38. Rc5 Ne4 39. Bxe4 dxe4 40.
Rxf5 Kg6 41. Re5 Rxe5 42. dxe5 Rxe5 43. Rd6+ Kf5 44. Rb6 Re7 45. Ke2 Ke5 46.
Ke3 Kd5 47. Rh6 Kc5 48. Rh5 Kxb5 49. Rxg5+ Kb4 50. Kd2 b5 51. Rg3 h5 52. Re3
Ka3 53. Kc2 Rf7 54. f3 exf3 55. gxf3 Rg7 56. Re5 Rg2+ 57. Kc3 b4+ 58. Kc4 Rc2+
59. Kd3 Rc3+ 60. Ke4 Kxb3 61. Rxa5 Kc2 62. h4 Rc4+ 63. Kf5 Rxh4 64. Kg5 Rh1 65.
Rc5+ Kd3 66. Rb5 Kc4 67. Rb7 h4 68. Rc7+ Kd3 69. Rd7+ Kc3 70. Rc7+ Kb2 71. Kg4
h3 72. Kg3 b3 73. Rc4 Ka3 74. Rc7 b2 75. Ra7+ Kb4 76. Ra2 b1=Q 0-1

[Event "IIX Sud. Sub 20-2013_Absoluto"]
[Site "Asuncion"]
[Date "2013.05.19"]
[Round "4.6"]
[White "Quenallata, Luciano"]
[Black "Ibanez, Juan Rodrigo"]
[Result "0-1"]
[WhiteElo "2194"]
[BlackElo "2001"]
[PlyCount "120"]
[EventDate "2013.05.17"]
[EventType "swiss"]
[EventCountry "PAR"]
[SourceDate "2005.09.12"]

1. c4 c5 2. Nc3 Nc6 3. g3 g6 4. Bg2 Bg7 5. Nf3 e5 6. O-O Nge7 7. Ne1 O-O 8. Nc2
d6 9. Ne3 Rb8 10. Ned5 a6 11. a4 f5 12. d3 h6 13. f4 Bd7 14. Rb1 Kh7 15. Bd2
Nxd5 16. cxd5 Nb4 17. Qc1 Qe7 18. h4 Rfc8 19. fxe5 dxe5 20. Qe1 Qd6 21. Qf2 Rf8
22. Qf3 b6 23. Rbd1 Rbe8 24. Bc1 Nc2 25. e3 Nb4 26. Qe2 h5 27. Rf2 c4 28. dxc4
e4 29. Rf4 Be5 30. Bf1 Nd3 31. Qc2 Nxf4 32. exf4 Bg7 33. Be3 Rc8 34. Qf2 Rb8
35. a5 bxa5 36. c5 Qc7 37. c6 Bxc6 38. dxc6 Qxc6 39. Rd5 Rxb2 40. Qxb2 Qxd5 41.
Qa3 Qc6 42. Ne2 Rd8 43. Qxa5 Rd1 44. Kf2 Qc4 45. Qb6 Qd3 46. Qa7 Qb1 47. Bd4
Rxd4 48. Nxd4 Qb2+ 49. Ne2 Qa3 50. Qe3 Qb4 51. Qc1 a5 52. Ng1 a4 53. Nh3 Bc3
54. Qd1 Bd4+ 55. Kg2 a3 56. Ng5+ Kh6 57. Nf7+ Kg7 58. Ng5 Qb2+ 59. Kh3 Kh6 60.
Bc4 Qc3 {tiempo} 0-1

[Event "IIX Sud. Sub 20-2013_Absoluto"]
[Site "Asuncion"]
[Date "2013.05.19"]
[Round "4.7"]
[White "Ruiz C, Joshua D"]
[Black "Aguero Centurio, Abel Alejandr"]
[Result "1-0"]
[WhiteElo "2370"]
[BlackElo "1652"]
[PlyCount "53"]
[EventDate "2013.05.17"]
[EventType "swiss"]
[EventCountry "PAR"]
[SourceDate "2005.09.12"]

1. e4 d5 2. exd5 Qxd5 3. Nc3 Qa5 4. Nf3 Nf6 5. d4 Bf5 6. Bc4 c6 7. Bd2 e6 8. h3
Bb4 9. Nh4 Bg6 10. Nxg6 hxg6 11. Qe2 Bxc3 12. Bxc3 Qc7 13. O-O-O Nbd7 14. d5
cxd5 15. Bxd5 O-O 16. Bf3 Rfc8 17. g3 Rab8 18. h4 b5 19. h5 g5 20. h6 b4 21.
Rxd7 Qxd7 22. Be5 b3 23. axb3 Rxb3 24. hxg7 Kxg7 25. Qe4 Rxf3 26. Qxf3 Qd8 27.
Qh5 1-0

[Event "IIX Sud. Sub 20-2013_Absoluto"]
[Site "Asuncion"]
[Date "2013.05.19"]
[Round "4.8"]
[White "Heinechen, John"]
[Black "Latorre, Matias"]
[Result "0-1"]
[WhiteElo "1838"]
[BlackElo "2254"]
[PlyCount "56"]
[EventDate "2013.05.17"]
[EventType "swiss"]
[EventCountry "PAR"]
[SourceDate "2005.09.12"]

1. e4 c5 2. Nf3 d6 3. Bb5+ Nd7 4. O-O a6 5. Bxd7+ Bxd7 6. d4 cxd4 7. Nxd4 Nf6
8. Nc3 e5 9. Nde2 h6 10. Be3 Be7 11. Qd3 O-O 12. Rad1 Rc8 13. f4 Bc6 14. Ng3
Qc7 15. Nf5 Rfd8 16. Kh1 Bf8 17. fxe5 dxe5 18. Qe2 Rxd1 19. Qxd1 Nxe4 20. Nxh6+
gxh6 21. Qg4+ Ng5 22. h4 f5 23. Qxf5 Nf7 24. Bb6 Qd7 25. Qg6+ Bg7 26. Rf6 Ng5
27. Rf5 Bxg2+ 28. Kxg2 Rc6 0-1

[Event "IIX Sud. Sub 20-2013_Absoluto"]
[Site "Asuncion"]
[Date "2013.05.19"]
[Round "4.9"]
[White "Zarate, Fernandoh"]
[Black "Heinechen, Juan"]
[Result "1-0"]
[WhiteElo "1813"]
[BlackElo "1596"]
[PlyCount "55"]
[EventDate "2013.05.17"]
[EventType "swiss"]
[EventCountry "PAR"]
[SourceDate "2005.09.12"]

1. d4 d5 2. c4 c6 3. Nf3 Nf6 4. Nc3 Bg4 5. Qc2 a6 6. Ne5 dxc4 7. e3 b5 8. a4
Qb6 9. axb5 cxb5 10. Nxg4 Nxg4 11. Qe4 Nxf2 12. Kxf2 Ra7 13. Be2 e6 14. Rf1 Bd6
15. Kg1 O-O 16. Bd2 Kh8 17. Kh1 Nd7 18. Rf3 Be7 19. Rh3 f5 20. Qf3 Qd6 21. Nxb5
Qb6 22. Nxa7 Qxb2 23. Rd1 c3 24. Bc1 Qb3 25. Nc6 Ba3 26. Bxa3 Qxa3 27. e4 Qb2
28. Rxh7+ 1-0

[Event "IIX Sud. Sub 20-2013_Absoluto"]
[Site "Asuncion"]
[Date "2013.05.20"]
[Round "5.1"]
[White "Iermito, Sebastian"]
[Black "Henriquez Villagra, Cristobal"]
[Result "1/2-1/2"]
[WhiteElo "2464"]
[BlackElo "2352"]
[PlyCount "58"]
[EventDate "2013.05.17"]
[EventType "swiss"]
[EventCountry "PAR"]
[SourceDate "2005.09.12"]

1. e4 c5 2. Nf3 d6 3. c3 Nf6 4. Bd3 Nc6 5. Bc2 g6 6. h3 Bg7 7. O-O O-O 8. d4
cxd4 9. cxd4 b6 10. Nc3 Bb7 11. Re1 Rc8 12. Bg5 h6 13. Bf4 e5 14. Be3 exd4 15.
Nxd4 Ne5 16. Bc1 a6 17. f4 Nc6 18. Nxc6 Bxc6 19. Be3 b5 20. a3 a5 21. Bd4 Re8
22. b4 axb4 23. axb4 Nh5 24. f5 gxf5 25. Bxg7 Nxg7 26. Qd2 Qg5 27. Qf2 Bxe4 28.
Nxe4 fxe4 29. Bxe4 Re5 1/2-1/2

[Event "IIX Sud. Sub 20-2013_Absoluto"]
[Site "Asuncion"]
[Date "2013.05.20"]
[Round "5.2"]
[White "Gotz, Klaus"]
[Black "Cuellar, Diego"]
[Result "1/2-1/2"]
[WhiteElo "2095"]
[BlackElo "2323"]
[PlyCount "49"]
[EventDate "2013.05.17"]
[EventType "swiss"]
[EventCountry "PAR"]
[SourceDate "2005.09.12"]

1. d4 Nf6 2. c4 c5 3. d5 e6 4. Nc3 exd5 5. cxd5 d6 6. Nf3 g6 7. Bf4 a6 8. a4
Bg7 9. h3 O-O 10. e3 Re8 11. Nd2 Nh5 12. Bh2 Nd7 13. Be2 Ne5 14. Bxe5 Bxe5 15.
Bxh5 gxh5 16. Qxh5 Rb8 17. Nf3 Bxc3+ 18. bxc3 Qf6 19. Rc1 b5 20. axb5 axb5 21.
O-O Bf5 22. Nh4 Bd7 23. Nf3 Bf5 24. Nh4 Bd7 25. Nf3 1/2-1/2

[Event "IIX Sud. Sub 20-2013_Absoluto"]
[Site "Asuncion"]
[Date "2013.05.20"]
[Round "5.3"]
[White "Ibanez, Juan Rodrigo"]
[Black "Caceres Recalde, Fernando"]
[Result "0-1"]
[WhiteElo "2001"]
[BlackElo "2204"]
[PlyCount "78"]
[EventDate "2013.05.17"]
[EventType "swiss"]
[EventCountry "PAR"]
[SourceDate "2005.09.12"]

1. e4 c5 2. Nf3 d6 3. d4 cxd4 4. Nxd4 Nf6 5. Nc3 a6 6. Be2 e5 7. Nb3 Be7 8. f4
O-O 9. O-O Nbd7 10. a4 exf4 11. Bxf4 Ne5 12. Kh1 Be6 13. Nd4 Rc8 14. Nf5 Bxf5
15. exf5 Qb6 16. Rb1 Rfe8 17. Qe1 Nc6 18. Qd2 Nb4 19. Bg5 d5 20. Bxf6 Bxf6 21.
Bf3 Red8 22. Rbc1 h6 23. Qf2 Qxf2 24. Rxf2 Bxc3 25. bxc3 Rxc3 26. Rd2 a5 27. h3
b6 28. Rcd1 Rxc2 29. Rxc2 Nxc2 30. Bxd5 Kf8 31. Bf3 Rxd1+ 32. Bxd1 Ne3 33. Bb3
Nxf5 34. g4 Nd4 35. Bc4 Ne6 36. Kg2 Ke7 37. Kf3 Kd6 38. h4 Kc5 39. Bb5 Nd4+ 0-1

[Event "IIX Sud. Sub 20-2013_Absoluto"]
[Site "Asuncion"]
[Date "2013.05.20"]
[Round "5.4"]
[White "Torres, Juan Camilo"]
[Black "Mendoza, Rodrigo"]
[Result "1-0"]
[WhiteElo "2344"]
[BlackElo "2148"]
[PlyCount "49"]
[EventDate "2013.05.17"]
[EventType "swiss"]
[EventCountry "PAR"]
[SourceDate "2005.09.12"]

1. d4 Nf6 2. Nf3 e6 3. c4 Bb4+ 4. Bd2 Qe7 5. g3 b6 6. Bg2 Bb7 7. O-O O-O 8. Bf4
d5 9. c5 bxc5 10. a3 Ba5 11. dxc5 c6 12. Bd6 Qd8 13. Bxf8 Kxf8 14. b4 Bc7 15.
Nc3 Nbd7 16. e4 Kg8 17. exd5 exd5 18. Re1 Nf8 19. Nd4 Qd7 20. b5 Rd8 21. Qa4
cxb5 22. Qxa7 Bb8 23. Qb6 Rc8 24. Ncxb5 Ne4 25. Rac1 1-0

[Event "IIX Sud. Sub 20-2013_Absoluto"]
[Site "Asuncion"]
[Date "2013.05.20"]
[Round "5.5"]
[White "Vazquez, Guillermo"]
[Black "Zavarce, Oscar Enrique"]
[Result "1/2-1/2"]
[WhiteElo "2353"]
[BlackElo "2200"]
[PlyCount "89"]
[EventDate "2013.05.17"]
[EventType "swiss"]
[EventCountry "PAR"]
[SourceDate "2005.09.12"]

1. e4 c5 2. Nf3 e6 3. Nc3 a6 4. g3 b5 5. Bg2 Bb7 6. d3 Qc7 7. O-O d6 8. Ng5 h6
9. Nh3 b4 10. Nb1 Be7 11. f4 d5 12. exd5 e5 13. f5 Nf6 14. Nd2 Nxd5 15. Nc4 Nd7
16. Qe2 O-O 17. Nf2 Rfe8 18. Ne4 N7f6 19. Nxf6+ Bxf6 20. Be4 Rad8 21. a3 Nb6
22. Be3 Ba8 23. Qg2 b3 24. Nxb6 Qxb6 25. Bxa8 Rxa8 26. c3 e4 27. dxe4 Qc6 28.
Rad1 Rxe4 29. Rd6 Qxd6 30. Qxe4 Rd8 31. Qc4 Qd5 32. Qxd5 Rxd5 33. g4 Kf8 34.
Kf2 Ke7 35. Ke2 Kd7 36. c4 Re5 37. Kf3 Kc6 38. Rd1 Re8 39. Rd3 Bxb2 40. Rxb3
Be5 41. h4 Rd8 42. Ke2 Re8 43. Kf3 Rd8 44. Ke2 Re8 45. Kf3 1/2-1/2

[Event "IIX Sud. Sub 20-2013_Absoluto"]
[Site "Asuncion"]
[Date "2013.05.20"]
[Round "5.6"]
[White "Apuril, Jose"]
[Black "Ruiz C, Joshua D"]
[Result "0-1"]
[WhiteElo "1961"]
[BlackElo "2370"]
[PlyCount "78"]
[EventDate "2013.05.17"]
[EventType "swiss"]
[EventCountry "PAR"]
[SourceDate "2005.09.12"]

1. Nf3 Nf6 2. d4 g6 3. Bf4 Bg7 4. e3 d6 5. h3 O-O 6. Be2 c5 7. O-O cxd4 8. exd4
Qb6 9. Qc1 Re8 10. c4 Nbd7 11. Nc3 a6 12. Rb1 e5 13. Be3 Qc7 14. Rd1 exd4 15.
Nxd4 Ne5 16. b3 Bd7 17. Bd2 Rad8 18. Bg5 Bc6 19. Qf4 Qe7 20. Qh4 Ned7 21. Nxc6
bxc6 22. Bf3 Qe5 23. Ne4 d5 24. cxd5 cxd5 25. Bf4 Qe6 26. Nd6 Re7 27. Nb7 Rc8
28. Bd6 Ree8 29. Bb4 Rb8 30. Nd6 Rxb4 31. Qxb4 Bf8 32. Qb7 Bxd6 33. Kf1 Nc5 34.
Qc6 Rc8 35. Qb6 Bf4 36. Qb4 Nfe4 37. Rb2 Be5 38. Re2 Nc3 39. Rde1 Nxe2 0-1

[Event "IIX Sud. Sub 20-2013_Absoluto"]
[Site "Asuncion"]
[Date "2013.05.20"]
[Round "5.7"]
[White "Latorre, Matias"]
[Black "Zarate, Fernandoh"]
[Result "1-0"]
[WhiteElo "2254"]
[BlackElo "1813"]
[PlyCount "41"]
[EventDate "2013.05.17"]
[EventType "swiss"]
[EventCountry "PAR"]
[SourceDate "2005.09.12"]

1. g3 d5 2. Bg2 Nf6 3. Nf3 c5 4. O-O Nc6 5. d4 e6 6. c4 Be7 7. dxc5 O-O 8. a3
a5 9. Nc3 dxc4 10. Na4 Qxd1 11. Rxd1 Bd7 12. Nb6 Rad8 13. Be3 Bc8 14. Rxd8 Rxd8
15. Rc1 c3 16. Rxc3 Ne4 17. Rd3 Re8 18. Nd4 Nxc5 19. Rc3 Na7 20. Nc2 Nb5 21.
Rc4 1-0

[Event "IIX Sud. Sub 20-2013_Absoluto"]
[Site "Asuncion"]
[Date "2013.05.20"]
[Round "5.8"]
[White "Aguero Centurio, Abel Alejandr"]
[Black "Quenallata, Luciano"]
[Result "0-1"]
[WhiteElo "1652"]
[BlackElo "2194"]
[PlyCount "78"]
[EventDate "2013.05.17"]
[EventType "swiss"]
[EventCountry "PAR"]
[SourceDate "2005.09.12"]

1. d4 c5 2. d5 Nf6 3. c4 g6 4. Nf3 Bg7 5. Nc3 O-O 6. e4 d6 7. Bd3 e6 8. h3 exd5
9. exd5 Re8+ 10. Be3 Bh6 11. O-O Bxe3 12. fxe3 Qe7 13. Re1 Nbd7 14. Nb5 Rd8 15.
e4 Ne5 16. Nxe5 Qxe5 17. Qf3 Bd7 18. Rf1 Kg7 19. Nc3 Rf8 20. Rf2 Be8 21. Re1
Nd7 22. Qf4 f6 23. Ne2 Qxf4 24. Nxf4 Ne5 25. Be2 Bd7 26. b3 b5 27. Nd3 Nxd3 28.
Bxd3 a6 29. a3 Rab8 30. Kh2 bxc4 31. Bxc4 Bb5 32. Bxb5 axb5 33. Rb1 Rb7 34. b4
c4 35. Rf3 Re7 36. Re1 f5 37. Rfe3 Rfe8 38. e5 Rxe5 39. Rxe5 Rxe5 0-1

[Event "IIX Sud. Sub 20-2013_Absoluto"]
[Site "Asuncion"]
[Date "2013.05.20"]
[Round "5.10"]
[White "De Picciotto, Lucas"]
[Black "Heinechen, Juan"]
[Result "0-1"]
[WhiteElo "1782"]
[BlackElo "1596"]
[PlyCount "64"]
[EventDate "2013.05.17"]
[EventType "swiss"]
[EventCountry "PAR"]
[SourceDate "2005.09.12"]

1. e4 c5 2. d3 Nc6 3. g3 g6 4. Bg2 Bg7 5. c3 d6 6. Ne2 e5 7. O-O Nge7 8. Be3
O-O 9. Qd2 f5 10. Bh6 d5 11. Bxg7 Kxg7 12. c4 dxc4 13. dxc4 Be6 14. b3 Qxd2 15.
Nxd2 f4 16. Nc3 Nd4 17. Nf3 Nec6 18. Nd5 Nxf3+ 19. Bxf3 Nd4 20. Bd1 Bh3 21. Re1
f3 22. b4 cxb4 23. Nxb4 Rac8 24. Rc1 h5 25. Nd3 Rce8 26. Rb1 Re7 27. Nc5 h4 28.
Nb3 hxg3 29. Nxd4 exd4 30. hxg3 Bg2 31. Rb3 Kg8 32. Bxf3 Bxf3 0-1

[Event "IIX Sud. Sub 20-2013_Absoluto"]
[Site "Asuncion"]
[Date "2013.05.21"]
[Round "6.1"]
[White "Caceres Recalde, Fernando"]
[Black "Cuellar, Diego"]
[Result "1/2-1/2"]
[WhiteElo "2204"]
[BlackElo "2323"]
[PlyCount "29"]
[EventDate "2013.05.17"]
[EventType "swiss"]
[EventCountry "PAR"]
[SourceDate "2005.09.12"]

1. e4 e5 2. Nf3 Nc6 3. Bc4 Nf6 4. d3 Bc5 5. c3 a6 6. O-O d6 7. Bb3 Ba7 8. Be3
Qe7 9. Nbd2 Be6 10. d4 Bg4 11. d5 Bxe3 12. fxe3 Nb8 13. Qe1 Bxf3 14. Rxf3 Nbd7
15. Ba4 1/2-1/2

[Event "IIX Sud. Sub 20-2013_Absoluto"]
[Site "Asuncion"]
[Date "2013.05.21"]
[Round "6.2"]
[White "Iermito, Sebastian"]
[Black "Gotz, Klaus"]
[Result "1-0"]
[WhiteElo "2464"]
[BlackElo "2095"]
[PlyCount "93"]
[EventDate "2013.05.17"]
[EventType "swiss"]
[EventCountry "PAR"]
[SourceDate "2005.09.12"]

1. e4 c5 2. Nf3 g6 3. c4 Bg7 4. d4 cxd4 5. Nxd4 Nc6 6. Be3 Nf6 7. Nc3 Ng4 8.
Qxg4 Nxd4 9. Qd1 e5 10. Nb5 O-O 11. Qd2 Qh4 12. Bd3 d5 13. cxd5 Nxb5 14. Bxb5
Qxe4 15. f3 Qh4+ 16. Bf2 Qf4 17. Qxf4 exf4 18. O-O-O Bf5 19. Bd3 Rac8+ 20. Kb1
Bxd3+ 21. Rxd3 Rfe8 22. Rc1 Rxc1+ 23. Kxc1 b6 24. Rd2 Rd8 25. Kc2 Kf8 26. Kb3
g5 27. Kb4 Ke7 28. a4 Kd6 29. Kb5 Rc8 30. b4 Bc3 31. Rc2 Kxd5 32. Be1 Kd4 33.
Ka6 Rc4 34. Rxc3 Rxc3 35. Bxc3+ Kxc3 36. b5 Kb4 37. Kxa7 Ka5 38. h3 f5 39. Kb7
h5 40. Ka7 g4 41. Kb7 g3 42. h4 Kb4 43. Kxb6 Kc3 44. Kc5 Kd2 45. b6 Ke2 46. b7
Kf2 47. b8=Q 1-0

[Event "IIX Sud. Sub 20-2013_Absoluto"]
[Site "Asuncion"]
[Date "2013.05.21"]
[Round "6.3"]
[White "Henriquez Villagra, Cristobal"]
[Black "Torres, Juan Camilo"]
[Result "1/2-1/2"]
[WhiteElo "2352"]
[BlackElo "2344"]
[PlyCount "96"]
[EventDate "2013.05.17"]
[EventType "swiss"]
[EventCountry "PAR"]
[SourceDate "2005.09.12"]

1. e4 c5 2. Nf3 e6 3. d4 cxd4 4. Nxd4 a6 5. Bd3 Nf6 6. O-O Qc7 7. Qe2 d6 8. f4
Nbd7 9. c4 g6 10. Nc3 Bg7 11. Nf3 O-O 12. Kh1 b6 13. Bd2 Bb7 14. b4 Rfe8 15. a3
Rac8 16. Rae1 Qb8 17. Qd1 Nh5 18. Ne2 Qa8 19. Qb1 e5 20. fxe5 Nxe5 21. Nxe5
Rxe5 22. Ng1 Rce8 23. Nf3 Bxe4 24. Bxe4 Rxe4 25. Qd3 Rxe1 26. Rxe1 Rxe1+ 27.
Nxe1 Qc6 28. b5 axb5 29. cxb5 Qc7 30. Nf3 Nf6 31. Bf4 Bf8 32. g3 Ng4 33. Kg2
Qc5 34. h3 Ne5 35. Nxe5 dxe5 36. Be3 Qc7 37. Qe4 Bc5 38. Qc6 Qd8 39. Bxc5 bxc5
40. h4 Qd2+ 41. Kh3 Qe2 42. b6 e4 43. Qe8+ Kg7 44. Qe5+ Kg8 45. b7 Qf1+ 46. Kh2
Qf2+ 47. Kh3 Qf1+ 48. Kh2 Qf2+ 1/2-1/2

[Event "IIX Sud. Sub 20-2013_Absoluto"]
[Site "Asuncion"]
[Date "2013.05.21"]
[Round "6.4"]
[White "Ruiz C, Joshua D"]
[Black "Latorre, Matias"]
[Result "1-0"]
[WhiteElo "2370"]
[BlackElo "2254"]
[PlyCount "69"]
[EventDate "2013.05.17"]
[EventType "swiss"]
[EventCountry "PAR"]
[SourceDate "2005.09.12"]

1. e4 c5 2. Nf3 d6 3. d4 cxd4 4. Nxd4 Nf6 5. Nc3 a6 6. Bg5 Nbd7 7. Qe2 h6 8.
Bh4 b5 9. a4 b4 10. Nd5 Nxd5 11. exd5 Nb6 12. Ne6 Qd7 13. Nxf8 Kxf8 14. Qe4 Bb7
15. Qxb4 Nxd5 16. Qd2 Qe6+ 17. Be2 Qe4 18. Bg3 Qxg2 19. O-O-O Qe4 20. c4 Nf6
21. b3 g6 22. Rhe1 Qc6 23. Bh4 d5 24. Qc3 g5 25. Bg3 Qc5 26. b4 Qc6 27. Rxd5
Rg8 28. Rc5 Qxa4 29. Bd1 Qe8 30. Rc7 Be4 31. f3 Bf5 32. Rexe7 Qxe7 33. Rxe7
Kxe7 34. Qe5+ Be6 35. Qd6+ 1-0

[Event "IIX Sud. Sub 20-2013_Absoluto"]
[Site "Asuncion"]
[Date "2013.05.21"]
[Round "6.5"]
[White "Ibanez, Juan Rodrigo"]
[Black "Vazquez, Guillermo"]
[Result "0-1"]
[WhiteElo "2001"]
[BlackElo "2353"]
[PlyCount "64"]
[EventDate "2013.05.17"]
[EventType "swiss"]
[EventCountry "PAR"]
[SourceDate "2005.09.12"]

1. e4 c5 2. Nf3 d6 3. d4 cxd4 4. Nxd4 Nf6 5. Nc3 a6 6. Be2 e5 7. Nb3 Be7 8. O-O
O-O 9. a4 Nc6 10. f4 Nb4 11. a5 Be6 12. Ra4 d5 13. exd5 Nfxd5 14. f5 Bd7 15.
Nxd5 Bxa4 16. Nxe7+ Qxe7 17. f6 Qc7 18. Bh5 Bxb3 19. Qg4 Qc5+ 20. Kh1 g6 21.
Qg5 Rfc8 22. Be3 Qf8 23. cxb3 Rc2 24. Bf3 Re8 25. Qh4 e4 26. Bg4 Nd5 27. Bh6
Qd6 28. Bg7 e3 29. Qh6 e2 30. Bxe2 Rcxe2 31. Bh8 Qf8 32. Bg7 Re1 0-1

[Event "IIX Sud. Sub 20-2013_Absoluto"]
[Site "Asuncion"]
[Date "2013.05.21"]
[Round "6.6"]
[White "Mendoza, Rodrigo"]
[Black "Zavarce, Oscar Enrique"]
[Result "0-1"]
[WhiteElo "2148"]
[BlackElo "2200"]
[PlyCount "84"]
[EventDate "2013.05.17"]
[EventType "swiss"]
[EventCountry "PAR"]
[SourceDate "2005.09.12"]

1. d4 Nf6 2. Nf3 c5 3. e3 e6 4. c4 cxd4 5. exd4 b6 6. Nc3 Be7 7. Bd3 Bb7 8. O-O
d6 9. Re1 O-O 10. Qe2 Re8 11. Bg5 Nbd7 12. Rad1 Rc8 13. b4 Qc7 14. h3 Ba6 15.
Nd2 Qb8 16. a3 Bb7 17. Nf1 Qa8 18. f3 h6 19. Be3 Bf8 20. Qf2 a6 21. Ng3 Qb8 22.
Nge4 Red8 23. Qh4 Be7 24. Qf2 d5 25. Nxf6+ Bxf6 26. c5 bxc5 27. bxc5 Nxc5 28.
Bc2 Nd7 29. Rb1 Qc7 30. Rec1 Qb8 31. Qd2 e5 32. Ba4 Qa8 33. dxe5 Bxe5 34. Bd4
Bc6 35. Bxc6 Qxc6 36. Nb5 Qf6 37. Bxe5 Nxe5 38. Nc7 Qg6 39. Kh1 Rd7 40. Qa5 Re7
41. Rb6 Qg5 42. Qc3 d4 0-1

[Event "IIX Sud. Sub 20-2013_Absoluto"]
[Site "Asuncion"]
[Date "2013.05.21"]
[Round "6.7"]
[White "Quenallata, Luciano"]
[Black "Apuril, Jose"]
[Result "1/2-1/2"]
[WhiteElo "2194"]
[BlackElo "1961"]
[PlyCount "55"]
[EventDate "2013.05.17"]
[EventType "swiss"]
[EventCountry "PAR"]
[SourceDate "2005.09.12"]

1. e4 c5 2. Nf3 e6 3. d4 cxd4 4. Nxd4 a6 5. Bd3 Nf6 6. O-O Qc7 7. c4 Nc6 8. Nb3
Be7 9. Nc3 Ne5 10. Bf4 d6 11. Rc1 b6 12. Bxe5 dxe5 13. c5 O-O 14. Na4 bxc5 15.
Naxc5 Qa7 16. Qe1 a5 17. a4 Nd7 18. Qc3 Rd8 19. Bb5 Nxc5 20. Nxc5 Qc7 21. Rc2
Rb8 22. Rfc1 Bg5 23. Re1 Bb7 24. Nxb7 Qxc3 25. bxc3 Rxb7 26. c4 Kf8 27. c5 Be7
28. Kf1 1/2-1/2